Principles of staff personnel administration in public schools /

Bibliographic Details
Main Author: Elsbree, Willard Slingerland, 1897-
Other Authors: Reutter, E. Edmund, 1924-
Format: Book
Language:English
Published: [New York] : Bureau of Publications, Teachers College, Columbia University, [1959]
Subjects:

MARC

Tag First Indicator Second Indicator Subfields
LEADER 00000cam a2200000 4500
001 in00000056298
005 20151008052423.0
008 760412s1959 nyu 00000 eng
010 |a  59015524  
035 |a (OCoLC)02107147 
035 |9 AAH3254AM 
040 |a DLC  |c TOL  |d TXA  |d UtOrBLW 
049 |a TXAM  |c [411166] 
050 0 0 |a LB2831.5  |b .E4 
082 0 |a 371.1 
092 |a 371.1  |b E49p,1959 
100 1 |a Elsbree, Willard Slingerland,  |d 1897- 
245 1 0 |a Principles of staff personnel administration in public schools /  |c [by] Willard S. Elsbree and E. Edmund Reutter, Jr., and associates. 
264 1 |a [New York] :  |b Bureau of Publications, Teachers College, Columbia University,  |c [1959] 
264 4 |c [©1959] 
300 |a 55 pages ;  |c 23 cm. 
336 |a text  |b txt  |2 rdacontent 
337 |a unmediated  |b n  |2 rdamedia 
338 |a volume  |b nc  |2 rdacarrier 
650 0 |a School personnel management. 
700 1 |a Reutter, E. Edmund,  |d 1924- 
740 0 |a Staff personnel administration in public schools. 
999 |a MARS 
999 f f |s 2c09c455-5d7a-3c61-a651-433a4d2ba087  |i 5d9a9e7f-abd6-30e9-aea8-1c8699173095  |t 0 
952 f f |p ric  |a Texas A&M University  |b Rellis Campus  |c Joint Library Facility  |d Remote Storage  |t 0  |e LB2831.5 .E4  |h Library of Congress classification  |i unmediated -- volume  |m A14800829786 
998 f f |a LB2831.5 .E4  |t 0  |l Remote Storage